| 000 | 00488nam a2200181Ia 4500 | ||
|---|---|---|---|
| 008 | 151018s9999 xx 000 0 und d | ||
| 082 |
_bRBASDV23588 _a891.463 |
||
| 100 | _aव ह पिटके | ||
| 245 | _aनिळा दिवा | ||
| 250 | _b1 | ||
| 260 |
_bशकून _c1986 |
||
| 300 | _a77 | ||
| 600 | _aव ह पिटके | ||
| 630 | _aनिळा दिवा | ||
| 700 | _aव ह पिटके | ||
| 730 | _aनिळा दिवा | ||
| 942 | _cBOOK | ||
| 999 |
_c1023242 _d1023239 |
||